<?xml version="1.0" encoding="UTF-8"?><?xml-stylesheet type="text/xsl" href="static/style.xsl"?><OAI-PMH xmlns="http://www.openarchives.org/OAI/2.0/" xmlns:xsi="http://www.w3.org/2001/XMLSchema-instance" xsi:schemaLocation="http://www.openarchives.org/OAI/2.0/ http://www.openarchives.org/OAI/2.0/OAI-PMH.xsd"><responseDate>2026-04-13T14:21:08Z</responseDate><request verb="GetRecord" identifier="oai:www.recercat.cat:10230/48741" metadataPrefix="marc">https://recercat.cat/oai/request</request><GetRecord><record><header><identifier>oai:recercat.cat:10230/48741</identifier><datestamp>2025-12-25T19:56:49Z</datestamp><setSpec>com_2072_6</setSpec><setSpec>col_2072_452954</setSpec></header><metadata><record xmlns="http://www.loc.gov/MARC21/slim" xmlns:dcterms="http://purl.org/dc/terms/" xmlns:xsi="http://www.w3.org/2001/XMLSchema-instance" xmlns:doc="http://www.lyncode.com/xoai" xsi:schemaLocation="http://www.loc.gov/MARC21/slim http://www.loc.gov/standards/marcxml/schema/MARC21slim.xsd">
   <leader>00925njm 22002777a 4500</leader>
   <datafield ind2=" " ind1=" " tag="042">
      <subfield code="a">dc</subfield>
   </datafield>
   <datafield ind2=" " ind1=" " tag="720">
      <subfield code="a">Morales Rodríguez, Irene</subfield>
      <subfield code="e">author</subfield>
   </datafield>
   <datafield ind2=" " ind1=" " tag="260">
      <subfield code="c">2021-10-20T15:22:47Z</subfield>
   </datafield>
   <datafield ind2=" " ind1=" " tag="260">
      <subfield code="c">2021-10-20T15:22:47Z</subfield>
   </datafield>
   <datafield ind2=" " ind1=" " tag="260">
      <subfield code="c">2021-10-20</subfield>
   </datafield>
   <datafield ind2=" " ind1=" " tag="520">
      <subfield code="a">Treball de fi de grau en Llengües aplicades. Tutora: Encarna Atienza Cerezo</subfield>
   </datafield>
   <datafield ind2=" " ind1=" " tag="520">
      <subfield code="a">During the beginning of 2020, there was a pandemic that hit the five continents of the world,&#xd;
a virus that causes respiratory diseases, called COVID-19. In addition to causing a health,&#xd;
social and economic crisis, this pandemic has also been reflected in Spanish politics. The&#xd;
main focus in the Congress of Deputies of Spain has been the pandemic and, consequently,&#xd;
the theme of the speeches made by Spanish politicians with more representatives in Spain,&#xd;
the President of the Partido Popular (PP), Pablo Casado Blanco, and the President of the&#xd;
Government and of the Partido Socialista Obrero Español (PSOE), Pedro Sánchez. One of the&#xd;
linguistic phenomena used in political speeches is irony, an argumentative resource that is&#xd;
based on enunciations with a hidden message and intention produced in a burlesque and&#xd;
critical tone. But are ironic statements frequent in speeches that focus on a pandemic context&#xd;
that requires transparency, sensitivity and cooperation? This investigation shows that it is&#xd;
actually used and, in addition, it focuses on discovering what type of irony appears in the&#xd;
political speeches of Casado and Sánchez issued during the time of the COVID-19 pandemic&#xd;
and who makes more use of it.</subfield>
   </datafield>
   <datafield ind2=" " ind1=" " tag="520">
      <subfield code="a">Durant els principis de l&amp;apos;any 2020, es va viure una pandèmia que va colpejar als cinc&#xd;
continents del món, un virus que provoca malalties respiratòries, anomenat COVID-19. A&#xd;
més de provocar una crisi sanitària, social i econòmica, aquesta pandèmia també s&amp;apos;ha vist&#xd;
reflectida en la política espanyola. El focus principal en el Congrés dels Diputats ha estat la&#xd;
pandèmia i, conseqüentment, la temàtica dels discursos elaborats pels polítics espanyols amb&#xd;
més representants a Espanya, el president del Partit Popular (PP), Pablo Casado Blanco, i el&#xd;
&#xd;
president del Govern i del Partit Socialista Obrer Espanyol (PSOE), Pedro Sánchez Pérez-&#xd;
Castejón. Un dels fenòmens lingüístics usats en els discursos polítics és la ironia, recurs&#xd;
&#xd;
argumentatiu que es basa en enunciacions amb un missatge i intenció amagada produïdes en&#xd;
un to burlesc i de crítica. Però, són freqüents els enunciats irònics en discursos que se centren&#xd;
en un context de pandèmia que requereix transparència, sensibilitat i cooperació? Aquest&#xd;
treball mostra que sí que se’n fa ús i, a més, se centra a descobrir quin tipus d’ironia apareix&#xd;
&#xd;
en els discursos polítics de Casado i Sánchez emesos durant l&amp;apos;època de la pandèmia de la&#xd;
COVID-19 i qui en fa més ús.</subfield>
   </datafield>
   <datafield ind2=" " ind1=" " tag="520">
      <subfield code="a">Durante principios del año 2020, se vivió una pandemia que golpeó a los cinco continentes&#xd;
del mundo, un virus que provoca enfermedades respiratorias, llamado COVID-19. Además&#xd;
de provocar una crisis sanitaria, social y económica, esta pandemia también se ha visto&#xd;
reflejada en la política española. El foco principal en el Congreso de los Diputados ha sido la&#xd;
pandemia y, consecuentemente, la temática de los discursos elaborados por los políticos&#xd;
españoles con más representantes en España, el presidente del Partido Popular (PP), Pablo&#xd;
Casado Blanco, y el presidente del Gobierno y del Partido Socialista Obrero Español (PSOE),&#xd;
Pedro Sánchez. Uno de los fenómenos lingüísticos usados en los discursos políticos es la&#xd;
ironía, recurso argumentativo que se basa en enunciaciones con un mensaje e intención&#xd;
escondida producidas en todo burlesco y de crítica. Pero, ¿son frecuentes los enunciados&#xd;
irónicos en discursos que se centran en un contexto de pandemia que requiere transparencia,&#xd;
sensibilidad y cooperación? Este trabajo muestra que sí se utilizan y, además, se centra en&#xd;
descubrir qué tipo de ironía aparece en los discursos políticos de Casado y Sánchez emitidos&#xd;
durante la época de la pandemia del COVID-19 y quién lo utiliza más.</subfield>
   </datafield>
   <datafield tag="653" ind2=" " ind1=" ">
      <subfield code="a">irony</subfield>
   </datafield>
   <datafield tag="653" ind2=" " ind1=" ">
      <subfield code="a">political discourse</subfield>
   </datafield>
   <datafield tag="653" ind2=" " ind1=" ">
      <subfield code="a">Pablo Casado</subfield>
   </datafield>
   <datafield tag="653" ind2=" " ind1=" ">
      <subfield code="a">Pedro Sánchez</subfield>
   </datafield>
   <datafield tag="653" ind2=" " ind1=" ">
      <subfield code="a">COVID-19</subfield>
   </datafield>
   <datafield tag="653" ind2=" " ind1=" ">
      <subfield code="a">ironia</subfield>
   </datafield>
   <datafield tag="653" ind2=" " ind1=" ">
      <subfield code="a">discurs polític</subfield>
   </datafield>
   <datafield tag="653" ind2=" " ind1=" ">
      <subfield code="a">ironía</subfield>
   </datafield>
   <datafield tag="653" ind2=" " ind1=" ">
      <subfield code="a">discurso político</subfield>
   </datafield>
   <datafield ind2="0" ind1="0" tag="245">
      <subfield code="a">Análisis comparativo del uso de la ironía en el discurso político de Pablo Casado y Pedro Sánchez</subfield>
   </datafield>
</record></metadata></record></GetRecord></OAI-PMH>